Statistics for States That Share Their Names With Cities

Click here to take the quiz!

General Stats

  • This quiz has been taken 27 times
  • The average score is 4 of 8

Answer Stats

RankCityState% Correct
1New YorkNew York
70%
3Kansas CityKansas
65%
1Oklahoma CityOklahoma
65%
1IndianapolisIndiana
57%
5Iowa CityIowa
52%
2Colorado SpringsColorado
43%
4Idaho FallsIdaho
30%
1Virginia BeachVirginia
30%

Score Distribution

Percentile by Number Answered

Percent of People with Each Score

Your Score History

You have not taken this quiz